01207cam a22002774a 4500001000500000005001700005020001800022040002300040050001400063082001300077100002200090245017900112250004500291260003500336300005900371505000800430520022100438521002000659521002000679650006300699650006200762650001300824650003400837650002200871700003600893299820260324082756.0 a9780439577816 aDLCcDLCdDLCbeng00aML3930.A500a782.10921 aRyan, Pam Muñoz10aWhen Marian sang :bthe true recital of Marian Anderson : the voice of a century /clibretto [i.e. text] by Pam Muñoz Ryan ; staging [i.e. illustrations] by Brian Selznick. aFirst paperback printing, September 2003 aNew York :bScholastic ,c2002 a32 unnumbered pages :bcolor illustrations ;c24 cm .  aZ  aAn introduction to the life of Marian Anderson, extraordinary singer and civil rights activist, who was the first African American to perform at the Metropolitan Opera, whose life and career encouraged social change. a920 bLexile  aZ bRaz-Plus  0aContraltoszUnited StatesvBiographyvJuvenile literature. 0aAfrican American singersvBiographyvJuvenile literature. 1aSingers. 1aAfrican AmericansvBiography. 1aWomenvBiography.1 a Selznick , Brianeillustrator